Mots finissant par "ard" - Statistiques

Statistiques générales
  • Ce quiz a été pris 1 915 fois
  • Le résultat moyen est 6 sur 15
Statistiques - réponses
Hint Réponse % Correct
Légume vert apprécié de Popeye épinard
93%
Oiseau aquatique aux pattes palmées canard
91%
Civière pour porter les malades, les blessés brancard
85%
Carré d'étoffe sur lequel est inscrit un numéro que portent les concurrents dossard
69%
Phares de véhicules améliorant la visibilité dans la brume antibrouillard
58%
Synonyme familier de peureux froussard
47%
Évènement imprévisible hasard
44%
Dialecte italien parlé en Lombardie lombard
43%
Qui pleurniche pour des futilités geignard
10%
Jeune marginal zonard
8%
Paroles grivoises paillard
6%
Croisement entre deux races de canards mulard
2%
Individu très naïf jobard
1%
À l'intérieur d'une chaine de montagne intramontagnard
0%
Dénotant un manque de netteté vasouillard
0%
Aucun quiz correspondant
Distribution des résultats
% des personnes avec chaque résultat
Percentile par nombre de réponses
Votre historique - résultats
Vous n’avez pas pris ce quiz